[Event "15sen.Woerishofen op_05.03.-14.03.99"]
[Site "?"]
[Date "1999.??.??"]
[Round "6"]
[White "Geissler, Dieter"]
[Black "Wunderer, Eckart"]
[Result "0-1"]
[WhiteElo "2005"]
[BlackElo "1865"]
[PlyCount "122"]
[EventDate "1999.??.??"]

1. e4 c6 2. d4 d6 3. Bd3 e5 4. c3 Nf6 5. h3 Be7 6. Nf3 Qc7 7. O-O Nbd7 8. Be3
Nf8 9. Nbd2 Ng6 10. Nh2 O-O 11. Be2 Bd7 12. Kh1 Rad8 13. Qc2 Qc8 14. Rg1 Ne8
15. g4 Nc7 16. Nhf3 b6 17. dxe5 dxe5 18. Nc4 f6 19. Ncd2 Ne6 20. Bc4 Kh8 21.
Bxe6 Bxe6 22. Rg3 Qa6 23. Rgg1 Rd3 24. Nf1 Re8 25. Ne1 Rd7 26. Ng3 Nf4 27. Kh2
g6 28. Nf3 Bc4 29. b3 Bd3 30. Qc1 Ba3 31. Qe1 Bb2 32. Rd1 Qxa2 33. g5 Qxb3 34.
gxf6 Bxc3 35. Bd2 Bc2 36. Bxc3 Rxd1 37. Bxe5 Kg8 38. Qe3 Qxe3 39. fxe3 Rxg1 40.
Kxg1 Ne6 41. Nd4 Nxd4 42. exd4 Kf7 43. Kf2 Ke6 44. Ke3 c5 45. Ne2 g5 46. Bc7
Rc8 47. d5+ Kxf6 48. e5+ Ke7 49. d6+ Ke6 50. Nc3 h5 51. Nb5 a6 52. Na7 Rg8 53.
Bxb6 g4 54. hxg4 Rxg4 55. Bxc5 Re4+ 56. Kd2 Rxe5 57. Ba3 Be4 58. Nc8 h4 59. Nb6
Bc6 60. Nc4 h3 61. Nxe5 Kxe5 0-1

[Event "15sen.Woerishofen op_05.03.-14.03.99"]
[Site "?"]
[Date "1999.??.??"]
[Round "6"]
[White "Zunker, Reinhard_Dr"]
[Black "Marschner, Guenter"]
[Result "0-1"]
[WhiteElo "2170"]
[BlackElo "1915"]
[PlyCount "68"]
[EventDate "1999.??.??"]

1. e4 c6 2. d4 d5 3. Nc3 dxe4 4. Nxe4 Bf5 5. Ng3 Bg6 6. h4 h6 7. N1e2 e6 8. Nf4
Bh7 9. Be3 Nf6 10. Qe2 Qa5+ 11. c3 Nbd7 12. Qc4 Nb6 13. Qb3 Bd6 14. Be2 O-O 15.
Nxe6 Rfe8 16. Nf4 Nbd5 17. Nxd5 Nxd5 18. Nf1 Bf4 19. Kd2 Re7 20. Re1 Rae8 21.
Bf3 Nxe3 22. fxe3 Qf5 23. c4 Qa5+ 24. Kd1 Qd8 25. Qc3 c5 26. d5 Qb6 27. Re2 Qg6
28. Ke1 Qb1+ 29. Kf2 Bxe3+ 30. Nxe3 Qxh1 31. g3 Qh2+ 32. Bg2 Be4 33. Kf1 Bxg2+
34. Rxg2 Qh1+ 0-1

[Event "15sen.Woerishofen op_05.03.-14.03.99"]
[Site "?"]
[Date "1999.??.??"]
[Round "6"]
[White "Rueggeberg, Wilhelm"]
[Black "Moeckel, Edgar_Dr"]
[Result "0-1"]
[WhiteElo "1795"]
[BlackElo "1960"]
[PlyCount "68"]
[EventDate "1999.??.??"]

1. d4 Nf6 2. Nf3 g6 3. Bf4 Bg7 4. Nbd2 O-O 5. c3 d6 6. Qc2 Nbd7 7. e4 Nh5 8.
Bg3 Nxg3 9. hxg3 e5 10. dxe5 dxe5 11. O-O-O Qe7 12. Bd3 c6 13. Rh2 Nc5 14. Be2
b5 15. Rdh1 h6 16. Ne1 Be6 17. b3 a5 18. Nd3 Nxd3+ 19. Bxd3 a4 20. b4 c5 21.
Bxb5 cxb4 22. Bxa4 bxc3 23. Nb1 Rfc8 24. Bb3 Bxb3 25. axb3 Qg5+ 26. Kd1 Ra1 27.
Ke2 Qg4+ 28. Ke3 h5 29. Nxc3 Bh6+ 30. Kd3 Ra7 31. Qb2 Rd7+ 32. Nd5 Rxd5+ 33.
exd5 Qf5+ 34. Ke2 Rc2+ 0-1

[Event "15sen.Woerishofen op_05.03.-14.03.99"]
[Site "?"]
[Date "1999.??.??"]
[Round "3"]
[White "Wohlfart, Karl_Heinz"]
[Black "Kasueschke, Gregor"]
[Result "0-1"]
[WhiteElo "1725"]
[BlackElo "2105"]
[PlyCount "34"]
[EventDate "1999.??.??"]

1. Nf3 d5 2. g3 Nf6 3. Bg2 c6 4. O-O Bf5 5. d3 e6 6. Nbd2 Be7 7. Rb1 O-O 8. e4
Bg6 9. Qe2 Qc7 10. Re1 Na6 11. a3 Nc5 12. e5 Nfd7 13. b4 Na4 14. Nf1 a5 15.
bxa5 Rxa5 16. Bd2 Ra6 17. Ng5 Rfa8 0-1

[Event "15sen.Woerishofen op_05.03.-14.03.99"]
[Site "?"]
[Date "1999.??.??"]
[Round "9"]
[White "Boell, Alfons_Willi"]
[Black "Marzoll, Wolfgang"]
[Result "0-1"]
[WhiteElo "1920"]
[BlackElo "2020"]
[PlyCount "66"]
[EventDate "1999.??.??"]

1. Nf3 g6 2. g3 Bg7 3. Bg2 e5 4. d3 d6 5. c4 Nf6 6. Nc3 O-O 7. O-O Nc6 8. Bg5
h6 9. Bd2 Be6 10. e3 Rb8 11. a3 a5 12. Rb1 e4 13. Ne1 exd3 14. b3 d5 15. c5 Bf5
16. Nxd5 Nxd5 17. e4 Be6 18. exd5 Bxd5 19. Bf4 Bxg2 20. Kxg2 g5 21. Be3 Ne5 22.
f4 Qd5+ 23. Kf2 gxf4 24. gxf4 d2 25. Bxd2 Ng6 26. Be3 Qf5 27. Qd3 Qh3 28. Nf3
Rbd8 29. Qe2 Rfe8 30. Rg1 Re7 31. Rg3 Qf5 32. Rbg1 Rde8 33. Nh4 Qxf4+ 0-1

[Event "15sen.Woerishofen op_05.03.-14.03.99"]
[Site "?"]
[Date "1999.??.??"]
[Round "7"]
[White "Delander, Adolf"]
[Black "Boell, Alfons_Willi"]
[Result "1-0"]
[WhiteElo "2110"]
[BlackElo "1920"]
[PlyCount "47"]
[EventDate "1999.??.??"]

1. d4 d5 2. Nf3 e6 3. c4 c6 4. e3 Nf6 5. Nbd2 Nbd7 6. Bd3 Bd6 7. O-O O-O 8. e4
dxe4 9. Nxe4 Nxe4 10. Bxe4 Nf6 11. Bc2 h6 12. b3 Qc7 13. Bb2 Rd8 14. Qe2 Re8
15. c5 Bf8 16. Rfe1 g6 17. Ne5 Bg7 18. Qf3 Bd7 19. Bc1 Qd8 20. Qh3 h5 21. Bg5
Qc7 22. Qf3 Nh7 23. Qxf7+ Kh8 24. Nxg6# 1-0

[Event "15sen.Woerishofen op_05.03.-14.03.99"]
[Site "?"]
[Date "1999.??.??"]
[Round "7"]
[White "Janssen, Helmut"]
[Black "Buesdorf, Konrad"]
[Result "1/2-1/2"]
[WhiteElo "1845"]
[BlackElo "1935"]
[PlyCount "38"]
[EventDate "1999.??.??"]

1. e4 e5 2. Nf3 Nc6 3. Bb5 a6 4. Ba4 Nf6 5. O-O b5 6. Bb3 Be7 7. Re1 d6 8. c3
O-O 9. h3 Na5 10. Bc2 c5 11. d4 Qc7 12. Nbd2 Nc6 13. d5 Nb8 14. Nf1 Ne8 15. Ng3
g6 16. Bh6 Ng7 17. Qd2 Nd7 18. Rad1 Nb6 19. b3 Bd7 1/2-1/2

[Event "15sen.Woerishofen op_05.03.-14.03.99"]
[Site "?"]
[Date "1999.??.??"]
[Round "7"]
[White "Weber, Gerhard_Dr[34LEV]"]
[Black "Stumpf, Walter"]
[Result "0-1"]
[WhiteElo "1845"]
[BlackElo "1970"]
[PlyCount "58"]
[EventDate "1999.??.??"]

1. f4 g6 2. Nf3 Bg7 3. e3 d5 4. Ne5 Nd7 5. d4 f6 6. Nxd7 Bxd7 7. Bd3 Nh6 8. Nd2
O-O 9. Nf3 c6 10. O-O Bg4 11. b3 e5 12. Be2 Nf5 13. fxe5 Bxf3 14. Bxf3 fxe5 15.
Bg4 Qe7 16. c3 Nh6 17. Bd2 Rxf1+ 18. Kxf1 Rf8+ 19. Kg1 Qf6 20. Bh3 Qf2+ 21. Kh1
Nf5 22. Qe1 Qxe1+ 23. Rxe1 Bh6 24. g4 Nh4 25. Re2 Nf3 26. dxe5 Nxd2 27. Rxd2
Rf3 28. Kg2 Rxe3 29. e6 Rxh3 0-1

[Event "15sen.Woerishofen op_05.03.-14.03.99"]
[Site "?"]
[Date "1999.??.??"]
[Round "7"]
[White "Diete, Guenter"]
[Black "Zunker, Reinhard_Dr"]
[Result "1/2-1/2"]
[WhiteElo "1725"]
[BlackElo "2170"]
[PlyCount "143"]
[EventDate "1999.??.??"]

1. e4 g6 2. Nf3 Bg7 3. Bc4 c6 4. O-O d5 5. exd5 cxd5 6. Bb5+ Nc6 7. d4 Nf6 8.
c3 O-O 9. h3 Ne4 10. Nbd2 Nd6 11. Bd3 a6 12. Re1 Re8 13. Nf1 f6 14. Ne3 Nf7 15.
Bc2 b5 16. Bb3 e6 17. a3 Na5 18. Ba2 Rb8 19. b4 Nb7 20. Nd2 Nbd6 21. Nb3 Nc4
22. Nxc4 bxc4 23. Nc5 Rb6 24. f4 Rd6 25. Rb1 e5 26. dxe5 fxe5 27. fxe5 Bxe5 28.
Re3 Kg7 29. Rxe5 Nxe5 30. Qd4 Qf6 31. Bf4 Nc6 32. Qd2 Rdd8 33. Bh6+ Kh8 34. Bg5
Qe5 35. Bxd8 Rxd8 36. Re1 Qf6 37. Qe3 Kg7 38. Bb1 Rf8 39. Ne6+ Bxe6 40. Qxe6
Qxe6 41. Rxe6 Rf6 42. Rxf6 Kxf6 43. a4 Ke5 44. b5 axb5 45. axb5 Na5 46. Kf2 d4
47. cxd4+ Kxd4 48. Ke2 Kc5 49. Kd2 Kxb5 50. Kc3 Kc5 51. h4 Nc6 52. h5 gxh5 53.
Bxh7 Nd4 54. Be4 Nb5+ 55. Kc2 h4 56. Bg6 Kd4 57. Kd2 Nc3 58. Ke1 Ke3 59. Bf7
Kd4 60. Kf2 Ne4+ 61. Ke2 Nc5 62. Bg6 Nd3 63. Bf5 Nb4 64. Kf3 Nd5 65. Bg6 Ne3
66. Bh7 Nd5 67. Bg6 Ke5 68. Bh7 Nf4 69. g3 hxg3 70. Kxg3 Nd3 71. Kf3 Kd4 72.
Ke2 1/2-1/2

[Event "15sen.Woerishofen op_05.03.-14.03.99"]
[Site "?"]
[Date "1999.??.??"]
[Round "7"]
[White "Schmitthoefer, Herbert"]
[Black "Geissler, Dieter"]
[Result "1/2-1/2"]
[WhiteElo "1805"]
[BlackElo "2005"]
[PlyCount "105"]
[EventDate "1999.??.??"]

1. d4 d5 2. c4 e6 3. Nc3 Nf6 4. Bg5 Be7 5. Nf3 c6 6. e3 Nbd7 7. Bd3 O-O 8. Rc1
Re8 9. O-O Nf8 10. Ne5 dxc4 11. Bxc4 Nd5 12. Bxe7 Qxe7 13. Ne4 f6 14. Nf3 Nd7
15. Ng3 Kh8 16. Qe2 N7b6 17. Bd3 e5 18. Nh4 Qf7 19. dxe5 Rxe5 20. Qd2 Re8 21.
e4 Ne7 22. h3 Be6 23. f4 Qf8 24. f5 Bg8 25. Qf4 Red8 26. Be2 Rd4 27. Rfd1 Rad8
28. Qe3 c5 29. Rxd4 cxd4 30. Qd2 Bf7 31. Rc7 Nc6 32. Bh5 Rd7 33. Rxd7 Nxd7 34.
Bxf7 Qxf7 35. Nf3 Qe7 36. Nxd4 Qc5 37. Nge2 h6 38. Kf1 Nce5 39. Nf4 Nf7 40.
Nde6 Qb5+ 41. Ke1 Nfe5 42. b3 Qc6 43. Nd5 Nc5 44. Nxc5 Qxc5 45. Ne3 Nc6 46. Kf2
Nd4 47. Qd3 Qe5 48. Nd5 Nc6 49. Qe3 Qa1 50. Qd2 Qe5 51. Qe3 Qb2+ 52. Qe2 Qa3
53. Qd2 1/2-1/2

[Event "15sen.Woerishofen op_05.03.-14.03.99"]
[Site "?"]
[Date "1999.??.??"]
[Round "7"]
[White "Vetter, Wilhelm"]
[Black "Marzoll, Wolfgang"]
[Result "0-1"]
[WhiteElo "1790"]
[BlackElo "2020"]
[PlyCount "94"]
[EventDate "1999.??.??"]

1. d4 g6 2. c4 Bg7 3. Nc3 d6 4. e4 Nf6 5. Be2 c5 6. d5 b5 7. cxb5 Qa5 8. Bd2
O-O 9. Nf3 a6 10. Qc2 axb5 11. Nxb5 Qb6 12. O-O Ba6 13. a4 Nbd7 14. Bc3 Rac8
15. Nd2 Qb8 16. Nc4 Nb6 17. Na5 Qa8 18. Nc6 Rfe8 19. Nba7 Bxe2 20. Qxe2 Rc7 21.
Nb5 Rd7 22. a5 Nbxd5 23. exd5 Nxd5 24. Bxg7 Kxg7 25. Nca7 Rxa7 26. Nxa7 Qxa7
27. Rfd1 Nf6 28. h3 Rb8 29. a6 Rb6 30. Ra3 e6 31. b3 d5 32. Rda1 Ne4 33. f3 Nf6
34. Qe5 h6 35. Kh2 g5 36. h4 Kg6 37. hxg5 hxg5 38. g4 Rb4 39. Qe2 Rf4 40. Kg2
e5 41. Ra4 e4 42. Qb5 c4 43. bxc4 exf3+ 44. Kf1 Qe3 45. cxd5 Nxg4 46. R4a2 f2
47. Qb1+ f5 0-1

[Event "15sen.Woerishofen op_05.03.-14.03.99"]
[Site "?"]
[Date "1999.??.??"]
[Round "7"]
[White "Scheerer, Helmut"]
[Black "Gruebling, Karl_Heinz"]
[Result "1-0"]
[WhiteElo "1840"]
[BlackElo "1620"]
[PlyCount "51"]
[EventDate "1999.??.??"]

1. e4 c5 2. Nf3 Nc6 3. d4 cxd4 4. Nxd4 Nf6 5. Nc3 d6 6. Be2 g6 7. Be3 Bg7 8.
O-O a6 9. h3 Bd7 10. f4 Qb6 11. Nf5 Qxb2 12. Nxg7+ Kf8 13. Qd2 Kxg7 14. Rab1
Qa3 15. Rb3 Qa5 16. Bb6 Nxe4 17. Nxe4 Qxa2 18. Qc3+ e5 19. Ra1 Nd4 20. Bxd4
Rhc8 21. Bxe5+ Kf8 22. Bg7+ Kg8 23. Nf6+ Kxg7 24. Nh5+ Kf8 25. Qg7+ Ke7 26.
Rxa2 1-0

[Event "15sen.Woerishofen op_05.03.-14.03.99"]
[Site "?"]
[Date "1999.??.??"]
[Round "7"]
[White "Gensbaur, Viktor"]
[Black "Kasueschke, Gregor"]
[Result "1/2-1/2"]
[WhiteElo "1785"]
[BlackElo "2105"]
[PlyCount "92"]
[EventDate "1999.??.??"]

1. e4 c6 2. d4 d5 3. e5 Bf5 4. Bd3 Bxd3 5. Qxd3 e6 6. Nf3 Qa5+ 7. Nbd2 Qa6 8.
Qxa6 Nxa6 9. O-O c5 10. c3 Ne7 11. Nb3 h5 12. Bg5 Nf5 13. Nh4 Nxh4 14. Bxh4
cxd4 15. Nxd4 Nc7 16. f4 Bc5 17. Bf2 Bxd4 18. Bxd4 g6 19. h4 O-O 20. a4 Rfc8
21. Rfc1 Ne8 22. b3 Ng7 23. Ra2 a6 24. Kf1 Rc6 25. Ke2 Rac8 26. Kd3 Nf5 27. Bf2
Kg7 28. Rac2 b5 29. axb5 axb5 30. Ra1 b4 31. Rac1 Rb8 32. c4 dxc4+ 33. Rxc4 Ra6
34. Ke2 Ra3 35. Rb1 Ra2+ 36. Kf3 Rd8 37. Rxb4 Rd3+ 38. Ke4 Rdd2 39. Bc5 Rxg2
40. Rd1 Rge2+ 41. Kd3 Nxh4 42. Be7 Nf5 43. Bf6+ Kh7 44. Rb8 Re3+ 45. Kc4 Rc2+
46. Kb4 g5 1/2-1/2

[Event "15sen.Woerishofen op_05.03.-14.03.99"]
[Site "?"]
[Date "1999.??.??"]
[Round "7"]
[White "Weber, Siegfried[27FECH]"]
[Black "Hoesslin, Holger_von"]
[Result "1-0"]
[WhiteElo "1685"]
[BlackElo "1730"]
[PlyCount "65"]
[EventDate "1999.??.??"]

1. e4 d6 2. d4 Nf6 3. Bd3 g6 4. c4 Bg7 5. Ne2 c5 6. O-O b6 7. d5 Nbd7 8. f4 Qc7
9. Nbc3 a6 10. a4 O-O 11. Qc2 Re8 12. h3 e6 13. Ng3 exd5 14. Nxd5 Nxd5 15. cxd5
Nf6 16. Bd2 Rb8 17. b4 Qe7 18. b5 axb5 19. Bxb5 Nxe4 20. Rae1 Bd4+ 21. Kh2 Nxg3
22. Kxg3 Bf5 23. Rxe7 Rxe7 24. Qb3 h5 25. Kh2 Rbb7 26. Bd3 Be4 27. Bxe4 Rxe4
28. Re1 c4 29. Qb5 Rxe1 30. Bxe1 c3 31. Qe8+ Kg7 32. Qc6 Re7 33. Bxc3 1-0

[Event "15sen.Woerishofen op_05.03.-14.03.99"]
[Site "?"]
[Date "1999.??.??"]
[Round "7"]
[White "Barlo, Werner"]
[Black "Ruth, Walter"]
[Result "1/2-1/2"]
[WhiteElo "1725"]
[BlackElo "1885"]
[PlyCount "78"]
[EventDate "1999.??.??"]

1. c4 Nf6 2. Nc3 e6 3. g3 d5 4. cxd5 exd5 5. Bg2 c6 6. d3 Be7 7. Nf3 O-O 8. O-O
Na6 9. a3 h6 10. b4 Re8 11. Bb2 Bd7 12. h3 Nc7 13. Re1 a5 14. bxa5 Rxa5 15. e4
dxe4 16. dxe4 Qc8 17. Kh2 Rh5 18. h4 Bc5 19. Nd4 Rd8 20. Nce2 Bg4 21. f3 Be6
22. Qc2 Nh7 23. Nxe6 Nxe6 24. Qc3 Nf6 25. Bh3 Be7 26. Rad1 Qc7 27. Bxe6 fxe6
28. Kg2 Rc5 29. Qb3 Kh8 30. Nf4 Rb5 31. Qc3 Qb6 32. Rxd8+ Bxd8 33. Re2 e5 34.
Nd3 Bc7 35. Bc1 Rb3 36. Qc4 Qb5 37. Qxb5 Rxb5 38. Rb2 Rxb2+ 39. Bxb2 Nd7
1/2-1/2

[Event "15sen.Woerishofen op_05.03.-14.03.99"]
[Site "?"]
[Date "1999.??.??"]
[Round "7"]
[White "Wolf, Alfred[34BLIEST]"]
[Black "Buchner, Matthias"]
[Result "1/2-1/2"]
[WhiteElo "1830"]
[BlackElo "1710"]
[PlyCount "70"]
[EventDate "1999.??.??"]

1. Nf3 Nf6 2. b3 d6 3. c4 e5 4. d3 Be6 5. Nbd2 h6 6. g3 Nbd7 7. Bg2 Be7 8. Bb2
c6 9. O-O O-O 10. e3 Rc8 11. Rc1 a6 12. d4 e4 13. Ne1 d5 14. f3 exf3 15. Bxf3
Bh3 16. Ng2 Bd6 17. e4 dxe4 18. Nxe4 Nxe4 19. Bxe4 Nf6 20. Bf3 Re8 21. Rf2 Bb4
22. a3 Ba5 23. b4 Bc7 24. d5 cxd5 25. Bxf6 gxf6 26. Bxd5 Bb6 27. c5 Ba7 28.
Bxb7 Qxd1+ 29. Rxd1 Rcd8 30. Rfd2 Rxd2 31. Rxd2 a5 32. Kf2 axb4 33. axb4 Rb8
34. Nf4 Rxb7 35. Rd8+ Kh7 1/2-1/2

[Event "15sen.Woerishofen op_05.03.-14.03.99"]
[Site "?"]
[Date "1999.??.??"]
[Round "7"]
[White "Donner, Ernst"]
[Black "Olberg, Gerhard"]
[Result "0-1"]
[WhiteElo "1640"]
[BlackElo "1750"]
[PlyCount "86"]
[EventDate "1999.??.??"]

1. e4 c5 2. Nc3 Nc6 3. g3 g6 4. Bg2 Bg7 5. Nge2 d6 6. O-O Bd7 7. d3 a6 8. Bd2
b5 9. Rb1 Rb8 10. Qc1 Qc8 11. f3 Nd4 12. Kh1 b4 13. Nxd4 Bxd4 14. Ne2 Bg7 15.
b3 a5 16. Rf2 Nf6 17. Bh6 O-O 18. Qg5 e5 19. Bxg7 Kxg7 20. g4 h6 21. Qe3 Qd8
22. g5 hxg5 23. Qxg5 Nh5 24. Qxd8 Rbxd8 25. Rg1 a4 26. Ra1 Ra8 27. Rff1 f5 28.
Bh3 Kf6 29. Rg1 Bc6 30. Ng3 Nf4 31. Bf1 axb3 32. cxb3 Rh8 33. Be2 Rh7 34. Rgf1
Rha7 35. exf5 gxf5 36. h4 Rxa2 37. Rae1 Rb2 38. h5 Rxb3 39. h6 Rh8 40. Kg1 Rxh6
41. Ra1 Rg6 42. Kf2 Rb2 43. Ra6 Nxd3+ 0-1

[Event "15sen.Woerishofen op_05.03.-14.03.99"]
[Site "?"]
[Date "1999.??.??"]
[Round "7"]
[White "Schampel, Arno"]
[Black "Betz, Egon"]
[Result "0-1"]
[WhiteElo "1745"]
[BlackElo "1915"]
[PlyCount "136"]
[EventDate "1999.??.??"]

1. d4 f5 2. c4 Nf6 3. Nc3 g6 4. Nf3 Bg7 5. g3 d6 6. Bg2 O-O 7. O-O Qe8 8. Qc2
Na6 9. a3 c5 10. d5 Nc7 11. e4 fxe4 12. Nxe4 b5 13. Nxf6+ Bxf6 14. Bh6 Bg7 15.
Bxg7 Kxg7 16. Rae1 bxc4 17. Qxc4 Ba6 18. Qh4 Rf6 19. Ng5 h6 20. Ne4 Qf7 21.
Nxf6 exf6 22. Qf4 Rd8 23. Qe4 Bxf1 24. Kxf1 Re8 25. Qc4 Rxe1+ 26. Kxe1 Qe8+ 27.
Kd2 Qe5 28. Qc3 Kf7 29. f4 Qe7 30. Qa5 Na8 31. Bh3 f5 32. Bg2 Nb6 33. Qc3 Qe8
34. b3 Nd7 35. Bf1 Nf6 36. Bg2 Ne4+ 37. Bxe4 Qxe4 38. Qd3 Qg2+ 39. Kc3 Qh1 40.
Qd2 Qa1+ 41. Qb2 Qe1+ 42. Qd2 Qa1+ 43. Qb2 Qf1 44. a4 Qf3+ 45. Kc4 Qe4+ 46. Kc3
Qxd5 47. Qe2 Qd4+ 48. Kc2 Qe4+ 49. Qd3 d5 50. Kc3 Qxd3+ 51. Kxd3 a5 52. Kc3 Ke6
53. Kd3 Kd6 54. Kc3 g5 55. fxg5 hxg5 56. h4 gxh4 57. gxh4 Ke5 58. Kd3 f4 59.
Ke2 Kf5 60. Kf3 d4 61. h5 Kg5 62. h6 Kxh6 63. Kxf4 Kg6 64. Ke4 Kf6 65. Kf4 Ke6
66. Ke4 Kd6 67. b4 axb4 68. a5 Kc6 0-1

[Event "15sen.Woerishofen op_05.03.-14.03.99"]
[Site "?"]
[Date "1999.??.??"]
[Round "7"]
[White "Baradoy, Erwin"]
[Black "Witt, Horst"]
[Result "0-1"]
[WhiteElo "1610"]
[BlackElo "1720"]
[PlyCount "64"]
[EventDate "1999.??.??"]

1. f4 e6 2. Nf3 d6 3. d4 Be7 4. e4 Nf6 5. Bd3 c6 6. c3 O-O 7. O-O Nbd7 8. h3 b5
9. Be3 Bb7 10. Nbd2 Qb6 11. Qe1 Rfe8 12. g4 c5 13. g5 Nh5 14. Qh4 g6 15. Be2 e5
16. dxe5 dxe5 17. Nxe5 Nxe5 18. fxe5 Kh8 19. Bxh5 gxh5 20. Qxh5 Qg6 21. Qxg6
fxg6 22. Rf7 Bc6 23. Raf1 a5 24. a4 Rad8 25. Kg2 Rd3 26. Kf2 Kg8 27. Ke2 Rdd8
28. R1f4 b4 29. cxb4 axb4 30. Nb3 Bb5+ 31. Kf3 Bc4 32. Bxc5 Bxf7 0-1

[Event "15sen.Woerishofen op_05.03.-14.03.99"]
[Site "?"]
[Date "1999.??.??"]
[Round "7"]
[White "Weibrecht, Carl"]
[Black "Rueggeberg, Wilhelm"]
[Result "0-1"]
[WhiteElo "1605"]
[BlackElo "1795"]
[PlyCount "128"]
[EventDate "1999.??.??"]

1. c4 e5 2. Nc3 Nf6 3. d3 c6 4. Nf3 d6 5. Bg5 Be7 6. Qc1 Be6 7. e4 Nbd7 8. Be2
Rc8 9. a3 O-O 10. b4 d5 11. exd5 cxd5 12. Nd2 d4 13. Nce4 Nxe4 14. Nxe4 f5 15.
Bxe7 Qxe7 16. Qg5 Nf6 17. Ng3 Nd5 18. Qxe7 Nxe7 19. O-O Ng6 20. Rfd1 Rc7 21.
Bf3 Re7 22. Rac1 Nf4 23. Rd2 g5 24. h3 g4 25. hxg4 fxg4 26. Be4 h5 27. Re1 h4
28. Nf1 Bc8 29. g3 Nh3+ 30. Kg2 hxg3 31. fxg3 Kg7 32. Nh2 Rf6 33. Bd5 Ng5 34.
Rf2 Rxf2+ 35. Kxf2 Bf5 36. Rd1 Kg6 37. a4 Nh3+ 38. Kf1 Kg5 39. a5 a6 40. c5 Rc7
41. Ke2 Re7 42. Kf1 Bg6 43. Rd2 Be8 44. Bb3 Bb5 45. Bc4 Bc6 46. Bb3 Re8 47. Bd1
Rh8 48. Ke1 Bd7 49. Re2 Re8 50. Rc2 e4 51. dxe4 Rxe4+ 52. Re2 Rxe2+ 53. Bxe2
Kh5 54. Bd3 Ng5 55. Be2 Nf7 56. Kd2 Ne5 57. Bd1 Kg5 58. Bb3 Nf3+ 59. Nxf3+ gxf3
60. Ke1 Kg4 61. Kf2 d3 62. Bd1 Bc6 63. Bb3 d2 64. Bd1 Bd5 0-1

[Event "15sen.Woerishofen op_05.03.-14.03.99"]
[Site "?"]
[Date "1999.??.??"]
[Round "7"]
[White "Gimber, Robert"]
[Black "Ruf, Walter"]
[Result "1/2-1/2"]
[WhiteElo "1725"]
[BlackElo "1840"]
[PlyCount "22"]
[EventDate "1999.??.??"]

1. Nf3 f5 2. c4 e6 3. d4 Be7 4. Nc3 Nf6 5. e3 O-O 6. Be2 c6 7. O-O d5 8. Qc2
Bd7 9. Ne5 Be8 10. cxd5 cxd5 11. f3 Nc6 1/2-1/2

[Event "15sen.Woerishofen op_05.03.-14.03.99"]
[Site "?"]
[Date "1999.??.??"]
[Round "7"]
[White "Hausner, Alfreda"]
[Black "Braeu, Emmi"]
[Result "1/2-1/2"]
[WhiteElo "1680"]
[BlackElo "1605"]
[PlyCount "44"]
[EventDate "1999.??.??"]

1. Nf3 d5 2. d4 c6 3. Bf4 Nf6 4. h3 Qb6 5. Qc1 Bf5 6. c3 e6 7. Nbd2 Nbd7 8. e3
c5 9. Nh4 Bg6 10. Nxg6 hxg6 11. Rb1 Rc8 12. Qd1 Bd6 13. Bxd6 Qxd6 14. Be2 cxd4
15. exd4 a6 16. a4 O-O 17. O-O Rc7 18. Bd3 Nh5 19. Nf3 Nf4 20. Bc2 b5 21. axb5
axb5 22. Qd2 Nh5 1/2-1/2

[Event "15sen.Woerishofen op_05.03.-14.03.99"]
[Site "?"]
[Date "1999.??.??"]
[Round "7"]
[White "Meinhardt, Guenter"]
[Black "Braeu, Ludwig"]
[Result "1-0"]
[WhiteElo "1695"]
[BlackElo "1805"]
[PlyCount "57"]
[EventDate "1999.??.??"]

1. d4 d5 2. Nf3 Nf6 3. c4 c6 4. Nc3 e6 5. Bg5 dxc4 6. e4 b5 7. e5 h6 8. Bh4 g5
9. Nxg5 hxg5 10. Bxg5 Nbd7 11. exf6 Bb4 12. g3 Qb6 13. Bg2 Bb7 14. O-O O-O-O
15. a4 c5 16. d5 Ne5 17. Qe2 Nd3 18. Nxb5 Bxd5 19. Be3 Bxg2 20. Kxg2 Qb7+ 21.
f3 e5 22. Nc3 Qd7 23. Ne4 Qh3+ 24. Kg1 Rdg8 25. Qg2 Qe6 26. Rad1 Qa6 27. Ng5
Qxf6 28. f4 Kb8 29. fxe5 1-0

[Event "15sen.Woerishofen op_05.03.-14.03.99"]
[Site "?"]
[Date "1999.??.??"]
[Round "7"]
[White "Vogel, Gerhard"]
[Black "Ziebarth, Lothar"]
[Result "0-1"]
[WhiteElo "1605"]
[BlackElo "1710"]
[PlyCount "36"]
[EventDate "1999.??.??"]

1. c4 c5 2. e4 Nc6 3. d3 d6 4. Be3 Nf6 5. h3 g6 6. Nf3 Bg7 7. Qd2 O-O 8. Nc3 b6
9. Be2 Bb7 10. O-O Qd7 11. Rab1 e6 12. Ng5 d5 13. cxd5 exd5 14. exd5 Nxd5 15.
Nxd5 Qxd5 16. b3 Rad8 17. Nf3 Ne5 18. Rbd1 Rd7 0-1

[Event "15sen.Woerishofen op_05.03.-14.03.99"]
[Site "?"]
[Date "1999.??.??"]
[Round "7"]
[White "Wohlfart, Karl_Heinz"]
[Black "Brauner, Rudolf_Dr"]
[Result "1/2-1/2"]
[WhiteElo "1725"]
[BlackElo "2045"]
[PlyCount "93"]
[EventDate "1999.??.??"]

1. Nf3 Nf6 2. g3 d5 3. Bg2 c6 4. O-O Bf5 5. d3 h6 6. Nbd2 Nbd7 7. Qe1 e5 8. e4
dxe4 9. dxe4 Be6 10. Qe2 Qc7 11. b3 Nb6 12. Bb2 Nfd7 13. Kh1 g5 14. a4 f6 15.
Rfd1 h5 16. a5 Nc8 17. Nc4 Nd6 18. Nxd6+ Bxd6 19. Nd2 O-O-O 20. Nc4 Be7 21. Rd2
g4 22. Bf1 Nc5 23. Bc3 Na6 24. Qe3 Bc5 25. Qe1 Qe7 26. Ra4 Rxd2 27. Bxd2 Nc7
28. b4 Bd6 29. Na3 Qh7 30. Bc4 Qf7 31. Qe2 Rd8 32. Be3 Kb8 33. Bd3 Qd7 34. Nc4
Be7 35. Nb6 Qe8 36. a6 Rxd3 37. axb7 Rxe3 38. Qxe3 Nb5 39. c4 Qd8 40. Nd5 cxd5
41. cxb5 d4 42. Qa3 Qb6 43. Ra6 Qxb5 44. Kg1 Bxb4 45. Qa1 Bd7 46. Rxa7 Bc5 47.
Ra5 1/2-1/2

[Event "15sen.Woerishofen op_05.03.-14.03.99"]
[Site "?"]
[Date "1999.??.??"]
[Round "9"]
[White "Winter, Irene"]
[Black "Zunker, Reinhard_Dr"]
[Result "0-1"]
[WhiteElo "1860"]
[BlackElo "2170"]
[PlyCount "100"]
[EventDate "1999.??.??"]

1. e4 g6 2. d4 Bg7 3. Nc3 c6 4. Nf3 d6 5. Be2 Nf6 6. O-O O-O 7. h3 b5 8. a3 a6
9. Be3 Nbd7 10. Qd2 Bb7 11. Rad1 c5 12. dxc5 Nxc5 13. Bxc5 dxc5 14. Qe3 Qc7 15.
e5 Nd7 16. Nd5 Bxd5 17. Rxd5 e6 18. Rd2 Nxe5 19. Rfd1 Rac8 20. Nxe5 Qxe5 21.
Qxe5 Bxe5 22. c3 Rb8 23. Kf1 a5 24. g3 b4 25. axb4 axb4 26. cxb4 Rxb4 27. Rc2
Bd4 28. Rb1 Rfb8 29. Bd3 Kg7 30. Ke2 Kf6 31. Kf3 Ke5 32. Re1+ Kd6 33. Rb1 Bxb2
34. Bc4 Bd4 35. Rbc1 Rb2 36. Ke2 R8b4 37. Kf3 f5 38. Bd3 Kd5 39. Rxb2 Rxb2 40.
Bc4+ Kd6 41. Rf1 Rc2 42. Bd3 Rc3 43. Ke2 e5 44. Ra1 e4 45. Ra6+ Ke5 46. Bb1 Rb3
47. Ba2 Rb2+ 48. Kd1 Bxf2 49. Bg8 Bxg3 50. Bxh7 e3 0-1

[Event "15sen.Woerishofen op_05.03.-14.03.99"]
[Site "?"]
[Date "1999.??.??"]
[Round "9"]
[White "Scheidt, Eugen"]
[Black "Diete, Guenter"]
[Result "1-0"]
[WhiteElo "1840"]
[BlackElo "1725"]
[PlyCount "77"]
[EventDate "1999.??.??"]

1. e4 g6 2. d4 Bg7 3. Nf3 d6 4. Nc3 Nf6 5. Bc4 O-O 6. O-O Nc6 7. Qe2 Bd7 8. h3
a6 9. e5 dxe5 10. dxe5 Ne8 11. e6 Bxe6 12. Bxe6 fxe6 13. Qxe6+ Kh8 14. Ng5 Nd6
15. Nce4 Nd4 16. Qg4 Rf5 17. c3 Nxe4 18. Qxe4 h6 19. Qxf5 Nxf5 20. Nf7+ Kg8 21.
Nxd8 Rxd8 22. Bf4 e5 23. Bh2 Nd6 24. Rad1 Re8 25. Rfe1 g5 26. Rd5 b5 27. Kf1
Nc4 28. b3 c6 29. Rc5 Nb2 30. Rxc6 e4 31. f3 e3 32. Bg1 Rd8 33. Bxe3 Be5 34.
Bxg5 Re8 35. Bxh6 Nd3 36. Re4 Rd8 37. Rg4+ Kf7 38. f4 Bf6 39. Rxf6+ 1-0

[Event "15sen.Woerishofen op_05.03.-14.03.99"]
[Site "?"]
[Date "1999.??.??"]
[Round "9"]
[White "Hensel, Dorothea"]
[Black "Braeu, Ludwig"]
[Result "0-1"]
[WhiteElo "1635"]
[BlackElo "1805"]
[PlyCount "66"]
[EventDate "1999.??.??"]

1. Nf3 d5 2. d4 Bf5 3. g3 Nf6 4. Bg2 e6 5. O-O c5 6. c3 Nc6 7. Nbd2 Be7 8. dxc5
Bxc5 9. Nb3 Bd6 10. Nbd4 Be4 11. Nxc6 bxc6 12. Nd4 Bxg2 13. Kxg2 Qc7 14. f4 O-O
15. e3 Rab8 16. a4 a6 17. b4 c5 18. bxc5 Bxc5 19. Ba3 Rfc8 20. Qd3 Qd6 21. Bxc5
Rxc5 22. Rfc1 Rbc8 23. Nb3 R5c7 24. Ra2 Ne4 25. Rac2 f5 26. Nd2 Nxd2 27. Qxd2
Rc4 28. Rb2 Qc6 29. Ra2 d4+ 30. Kf2 dxc3 31. Qd3 Kf7 32. a5 Qb5 33. Rcc2 Rxf4+
0-1